000 00565nam a22001937u 4500
999 _c5970
_d5970
001 6399
003 OSt
005 20190718113335.0
007 tu
008 161220s1995 xxu|||||||||||00||0|eng|d
024 7 _a6399
_2RID
024 7 _a6399
_2RSN (alt)
040 _cOSt
110 2 _aEuropean Bank for Reconstruction and Development (EBRD)
245 0 0 _aInvestment and Enterprise Development.
_bTransition Report 1995
260 _aLondon :
_bEuropean Bank for Reconstruction and Development,
_c1995.
490 0 _aTransition Report
_v1995
_x1356-3424
942 _cSE